000
00325 a2200145 4500
001
47960
040
_c
Anchieta - Aquarius
100
_a
Heck, Lenira Almeida
240
1
0
_a
O peixinho e o gato
_l
por
245
1
0
_a
O peixinho e o gato
300
_a
22
362
0
_a
2005
650
4
_a
Literatura infanto-juvenil
942
_c
BK
999
_c
47960
_d
47960